000 02277nam a2200481 i 4500
001 991061718032306706
003 ES-BaIT
005 20260212140622.0
008 260212s17301767sp r 000 d spa c
040 _aES-BaIT
_bcat
_erda
_cES-BaIT
080 _a860-2"17"
100 1 _aQuiñones de Benavente, Luis,
_d1589-1651
_eautor
_941017
245 1 0 _aEntremes de los muertos vivos
246 3 0 _aLos muertos vivos
264 1 _aEn Cordob. :
_ben la imprenta del Colegio de la Assumpc.,
_c[entre 1730-1767]
300 _a8 pàgines sense numerar ;
_c
336 _atext
_btxt
_2rdacontent
337 _asense mediació
_bn
_2rdamedia
338 _avolum
_bnc
_2rdacarrier
500 _aLloc d'impressió i impressor obtinguts del colofó
500 _aData d'impressió deduïda dels anys d'activitat de l'impressor
500 _aEntremès probablement desglossat, encara que sense identificar la part
500 _aSignatura: X⁴
500 _aP7: D3, H4 i altres
508 _aL'autor és Luis Quiñones de Benavente, segons Barrera y Leirado
510 1 _aBarrera y Leirado. Catálogo bibliográfico y biográfico del teatro antiguo español
_cpàgina 33
533 _aReproducció digital disponible a Biblioescènic
593 0 0 _bVIT-084/03.
_cRelligat en volum factici.
_fProcedència: Col·lecció Joaquín Montaner.
_gExemplar digitalitzat per Crossland.
_hArtur Sedó. Col·lecció Joaquín Montaner
655 7 _aEntremesos castellans
_yS. XVIII
_2lemac
_9168430
710 2 _aImprenta del Colegio de la Asunción (Córdoba)
_eimpressor
_9168431
730 0 _aCol·lecció digital Biblioescènic del MAE
_969172
752 _aEspanya
_bAndalusia
_dCórdoba
856 4 1 _zAccés lliure (Biblioescènic)
_3Exemplar VIT-084/03
_uhttps://books.cdmae.cat/visorpdf/?recurs=SV0084-03
856 4 1 _zAccés lliure (Bibilioteca Digital Hispánica)
_uhttps://bnedigital.bne.es/bd/card?oid=0000257391&site=bdh
856 4 2 _3Fitxa del catàleg manual
_uhttp://www.cdmae.cat/sedo/imgtitulos/048/P0000045.gif
902 _aPatrimoni
902 _aFons antic
908 _aCDMAE
940 _aCDMAE
942 _2udc
_cDIGITAL
999 _c137046
_d137046